000 00736nam a2200217Ii 4500
003 JO-AjNU
008 230605s9999||||xx |||||||||||||| ||und||
017 _a2009/4/4162
040 _aJO-AjNU
_bara
_erda
_cJO-AjNU
041 _aara
050 1 4 _aDS153.3.F376 2012
100 3 _aالفقير، نوح مصطفى,
_eauthor
_951033
245 0 0 _aالسياحة الدينية الإسلامية في المملكة الأردنية الهاشمية
250 _aط3
264 3 1 _aعمان: المؤلف، 2012
300 _a238ص
336 _atext
_btxt
_2rdacontent
337 _aunmediated
_bn
_2rdamedia
338 _avolume
_bnc
_2rdacarrier
650 4 _aالسياحة الدينية - الاسلام - الاردن
_951034
999 _aA22517
_c26085
_d26085